000 01037nam a2200277 a 4500
003 DO-SdBNP
005 20220901095544.0
008 130911s2017 dr r 000 0 spa d
020 _a9789945503067
040 _aBPMSU
_bspa
_cBPMSU
082 _aRD861.44
_bE77c 2017
_222
100 _aEspinal, Zacarías
_d1901-1933
245 1 0 _aCrepúsculo perplejo:
_b[obra poética] /
_cZacarías Espinal ; introducción Ligia de Hoetink.
260 _aSanto Domingo :
_bMinisterio de Cultura ;
_bEditora Nacional,
_c2017.
300 _a116 p. ;
_c20 cm.
490 1 _aBiblioteca Dominicana Básica
_v4
500 _aIncluye datos biográficos del autor en la solapa de la cubierta.
500 _aIncluye referencias bibliográficas y notas al pie de las páginas
590 _aInventariado, 2021/VM
650 4 _aPoesía dominicana
_vColeccioens
650 4 _aLitertarura dominicana
700 1 _aEspinal Hoetink, Ligia de,
_eintr.
710 2 _aMinisterio de Cultura (República Dominicana)
910 _aVMateo
942 _2ddc
_cBK
999 _c13518
_d13518